Anti-quorum sensing property of locally available plants /
محفوظ في:
| المؤلف الرئيسي: | |
|---|---|
| التنسيق: | أطروحة كتاب |
| اللغة: | English |
| منشور في: |
2008.
|
| الموضوعات: | |
| الوسوم: |
إضافة وسم
لا توجد وسوم, كن أول من يضع وسما على هذه التسجيلة!
|
| LEADER | 00894cam a2200253 a 4500 | ||
|---|---|---|---|
| 001 | u878864 | ||
| 003 | SIRSI | ||
| 005 | 201304301320 | ||
| 008 | 130430s2008 my t 000 0 eng m | ||
| 040 | |a UMP | ||
| 043 | |a a-my--- | ||
| 096 | |a QU4 |b UM 2008 Suzkar | ||
| 100 | 0 | |a Suzainur Kulop Abdul Rahman. | |
| 245 | 1 | 0 | |a Anti-quorum sensing property of locally available plants / |c Suzainur Kulop Abdul Rahman. |
| 260 | |c 2008. | ||
| 300 | |a x, 149 leaves : |b ill. ; |c 30 cm. | ||
| 502 | |a Dissertation (M. Med. Sc.) -- Department of Molecular Medicine, Faculty of Medicine, University of Malaya, 2008. | ||
| 504 | |a Bibliography: leaves 116-136. | ||
| 650 | 1 | 2 | |a Quorum Sensing |z Malaysia. |
| 650 | 2 | 2 | |a Plant Development |
| 710 | 2 | 0 | |a Universiti Malaya. |b Jabatan Perubatan Molekul. |
| 900 | |a RAH | ||
| 596 | |a 2 | ||
| 999 | |a QU4 UM 2008 SUZKAR |w NLM |c 1 |i A515508985 |l TESIS |m P02MEDKL |r Y |s Y |t TESIS |u 28/5/2013 | ||
